000 00645nam a2200205Ii 4500
003 JO-AjNU
008 230605s9999||||xx |||||||||||||| ||und||
017 _a2009/6/2835
040 _aJO-AjNU
_bara
_erda
_cJO-AjNU
041 _aara
050 1 4 _aPJ7904.H222 2010
100 3 _aعبد الهادي، آسيا(خوله),
_eauthor
_952789
245 0 0 _aالشتاء المرير
264 3 1 _aعمان:دروب للنشر والتوزيع، 2009
300 _a374ص
336 _atext
_btxt
_2rdacontent
337 _aunmediated
_bn
_2rdamedia
338 _avolume
_bnc
_2rdacarrier
650 4 _aالأدب العربي - روايات
_952790
999 _aA23405
_c26973
_d26973